000 00449nam a22001577a 4500
005 20240724075757.0
008 240724b |||||||| |||| 00| 0 eng d
041 _aEnglish
082 _a349 SOU
100 _lEnglish
245 _aThe South African Law Reports
260 _aCape Town :
_bJuta and Company Ltd,
_c1912
300 _bxv, 703 pages;
_c25 cm.
650 _aLegal practice
_bLaw
942 _cBK
_6ALISON_BN_VRIES
999 _c2242
_d2242